000 00297nam a2200121Ia 4500
008 191201s2003 xx 000 0 und d
100 _aDAHIYA, Amardeep
245 0 _aFour Fingers and Seventeen Nails
260 _aN.Delhi
_bUBS
_c2003
300 _a243
650 _aGeneral Books
942 _2ddc
_cBK
999 _c1583
_d1583